ნორმალური ფორმატი
MARC ფორმატი
ჩანაწერი Corporate Name
ჩანაწერთა რაოდენობა, რომელიც გამოყენებულია: 3
001 - CONTROL NUMBER
- control field: 10556
003 - CONTROL NUMBER IDENTIFIER
- control field: GE_BSU
005 - DATE AND TIME OF LATEST TRANSACTION
- control field: 20210318135041.0
008 - FIXED-LENGTH DATA ELEMENTS
- fixed length control field: 210318|| aca||aabn | a|a d
040 ## - CATALOGING SOURCE
- Original cataloging agency: GE_BSU
- Transcribing agency: GE_BSU
110 ## - HEADING--CORPORATE NAME
- Corporate name or jurisdiction name as entry element: ბსუ
- Subordinate unit: ჰუმანიტარულ მეცნიერებათა ფაკ-ტი, ქართული ფილოლოგიის დეპ-ტი
670 ## - SOURCE DATA FOUND
- Source citation: Work cat.: (GE_BSU)57859: ჭყონია, ლიანა 7868, ფრაზეოლოგიზმები და მათი უნივერსალობის საკითხი არამონათესავე ენებში თარგმანის საფუძველზე /
